EP newshound review: EP monthly staff magazine

Gespeichert in:
Bibliographische Detailangaben
Format: Schriftenreihe
Sprache:Englisch
Französisch
Veröffentlicht: Brussels : Cellule de Communication interne de la DG Personnel
Schlagworte:
ISSN:1830-3455
Online-Zugang: Volltext
Tags: Tag hinzufügen
Keine Tags, Fügen Sie den ersten Tag hinzu!

MARC

LEADER 00000nas a2200000 4500
003 SK-BrCVT
005 20250115090816.0
008 c199u9999be e b eng
022 |a 1830-3455 
035 |a CVTIDW1285414 
040 |b slo  |a BA002  |e AACR2  |c CVTI SR  |d CVT 
041 0 |a eng  |a fre 
044 |a be 
080 |a 004.7  |2 UDC-MRF 
080 |a 339.923:061.1  |2 UDC-MRF 
245 1 0 |b EP monthly staff magazine  |a EP newshound review: 
260 |a Brussels :  |b Cellule de Communication interne de la DG Personnel 
500 |a Vo fonde od roku:2005 
500 |a Od r.2008 nedochádza. 
653 1 |a Európsky parlament  |a pracovníci  |a poslanci  |a správy z parlamentu  |a plenárne zasadnutia  |a aktivity orgánov parlamentu 
910 |b DP00080 
942 |2 udc  |c 15 
999 |c 172141  |d 172141 
974 |b Soňa Beutelhauserová